| 000 | 01234nam1a2200265 i 4500 | ||
|---|---|---|---|
| 001 | v19\rc\1549029 | ||
| 005 | 20260408120049.0 | ||
| 035 | _a(NLR Aleph) 004664907 | ||
| 090 |
_a3600132 _c3600132 |
||
| 100 | _a20060620d1889 km|a0rusy50 ca | ||
| 101 | 0 | _arus | |
| 102 | _aRU | ||
| 105 | _a| n ||||| | ||
| 200 | 1 |
_aУголовное уложение _eпроект Редакционной комиссии _h(часть особенная) _i(Посягательства против порядка управления) _eпервоначальная редакция |
|
| 210 |
_aС.-Петербург _cв Государственной типографии _d1889 |
||
| 215 | _d26 | ||
| 711 | 0 | 1 |
_aРоссия _bРедакционная комиссия для составления проекта Уголовного уложения _3RU\NLR\AUTH\8810123039 _9743949 |
| 740 | 1 |
_aРоссия _tЗаконы и постановления _iУголовное уложение _3RU\NLR\AUTH\880384444 _9435136 |
|
| 801 | 0 |
_aRU _bNLR _gpsbo |
|
| 801 | 0 |
_aRU _bRuMoRGB _2psbo |
|
| 801 | 1 |
_aRU _bProSoft-M _2rusmarc |
|
| 852 |
_aNLR _jШифры разные |
||
| 899 | _aНБ СПбГУ (2) | ||
| 942 | _cBOOK | ||